Punchmarked coinage of the Indian Subcontinent : (Record no. 171953)

MARC details
000 -LEADER
fixed length control field 00670nam a2200193 4500
005 - DATE AND TIME OF LATEST TRANSACTION
control field 20201117104437.0
010 ## - LCCN (DPL NO)
LC control number ENG-127537
020 ## - INTERNATIONAL STANDARD BOOK NUMBER
Terms of availability 3000.00
International Standard Book Number 9788193829110
035 ## - SYSTEM CONTROL NUMBER
System control number EN-111069
037 ## - SOURCE OF ACQUISITION
Source of stock number/acquisition DBAD/PUB
082 ## - DEWEY DECIMAL CLASSIFICATION NUMBER
Classification number 954.014
100 ## - MAIN ENTRY--PERSONAL NAME
Personal name Hardaker, Terry
245 ## - TITLE STATEMENT
Title Punchmarked coinage of the Indian Subcontinent :
Remainder of title non-imperial series North of the Deccan/
Statement of responsibility, etc by Pooja
260 ## - PUBLICATION, DISTRIBUTION, ETC. (IMPRINT)
Place of publication, distribution, etc Mumbai
Name of publisher, distributor, etc Iirns Publications llp.
Date of publication, distribution, etc 2019
270 ## - ADDRESS
Address Principal office:507,Raheja centre,214,Nariman Point,
City Mumbai
Postal code 400021
300 ## - PHYSICAL DESCRIPTION
Extent xi;296p.
Dimensions 28cm(hb)
500 ## - GENERAL NOTE
General note includes bibliographical references index
942 ## - ADDED ENTRY ELEMENTS (KOHA)
Source of classification or shelving scheme Dewey Decimal Classification
Item type English Books
Classification part 737.4934
Call number suffix HAR
Holdings
Withdrawn status Lost status Not for loan Collection code Home library Current library Date acquired Source of acquisition Cost, normal purchase price Full call number Barcode Copy number Cost, replacement price Koha item type
      Non-fiction Sarojini Nagar Sarojini Nagar 23/01/2020 DBAD/PUB 3000.00 737.4934 HAR EN-111069 1 3000.00 English Books

© Delhi Public Library
Hit Counter
free hit counter